| 000 | 01335nam a22002417a 4500 | ||
|---|---|---|---|
| 005 | 20230125162259.0 | ||
| 008 | 230125b ||||| |||| 00| 0 eng d | ||
| 020 | _a9780071315463 | ||
| 040 | _cAL | ||
| 041 | _aEnglish | ||
| 082 |
_223 _a575.1 _bBROG |
||
| 100 |
_aRobert J Brooker _969939 |
||
| 245 | _aGenetics: Analysis and Principles | ||
| 250 | _a4. | ||
| 260 |
_aNew York _b Mcgraw Hill Companies Inc _c2012 |
||
| 300 |
_axviii,846 p. _bPB _c28x22.5 cm |
||
| 365 |
_aABDI/0650/23 _b₹4946.00 _c₹ _d₹5995.00 _e25% _f16-01-2023 |
||
| 520 | _a"Genetics: Analysis and Principles" is a one-semester, introductory genetics textbook that takes an experimental approach to understanding genetics. By weaving one or two experiments into the narrative of each chapter, students can simultaneously explore the scientific method and understand the genetic principles that have been learned from these experiments. Rob Brooker, author of market leading texts in Genetics and Intro Biology for majors, brings his clear and accessible writing style to this new edition. The integration of the genetics text and the power of digital world are now complete with McGraw-Hill's ConnectPlus. | ||
| 650 |
_aGenetics Inheritance _969940 |
||
| 650 |
_aMolecular Genetic _969941 |
||
| 700 |
_aBROOKER (Robert J) _969942 |
||
| 942 |
_2ddc _cBK |
||
| 999 |
_c226449 _d226449 |
||